| 000 | 00395nam a2200145Ia 4500 | ||
|---|---|---|---|
| 008 | 230917s9999||||xx |||||||||||||| ||und|| | ||
| 040 |
_e22915 _aMAIN |
||
| 041 | _aEnglish | ||
| 082 | _a301.35 R247V | ||
| 100 | _aRedfield, Robert | ||
| 245 | 0 | _aVillage that chose progress : chan kom revisited | |
| 260 |
_aChicago _bUniversity of Chicago Press _c1970 |
||
| 300 | _axiii,187 p. | ||
| 942 | _cBK | ||
| 999 |
_c216079 _d216079 |
||